000 00565nam a2200169Ia 4500
008 090711s9999 xx 000 0 und d
082 _b38435
100 _aआयरे ला. उाgऎ.
245 _aसं. नवलाSाी गोष्ट
260 _bवसुंधरा प्रकाशन
_c1955
300 _a92
600 _aआयरे ला. उाgऎ.
630 _aसं. नवलाSाी गोष्ट
700 _aआयरे ला. उाgऎ.
730 _aसं. नवलाSाी गोष्ट
942 _cBOOK
999 _c305154
_d305154